00771cam a22002535a 450000100090000000300040000900500170001300800410003001000170007102000150008803500230010304000610012604200140018705000220020110000270022324500490025026000350029930000210033452100070035552600080036265000420037065000430041271000620045517183362OSt20140310184438.0120225s1991 nyu j 000 1 eng d a 2011535819 a0590453432 a(OCoLC)ocm26390547 aKOPcKOPdMUSdOCLCQdBAKERdBTCTAdYDXCPdVUEdFT6dDLC alccopycat00aPZ 7b.St783 19771 aStamper, Judith Bauer.10aTales for the midnight hour /cJ.B. Stamper. aNew York :bScholastic,c1977. a120 p. :c17 cm. aG4 c650 0aHorror talesxYoung adult literature. 0aShort storiesxYoung adult literature.2 aCopyright Paperback Collection (Library of Congress)5DLC